Normal view
MARC view
Entry Topical Term
001 - CONTROL NUMBER
- control field: 234064
003 - CONTROL NUMBER IDENTIFIER
- control field: OSt
005 - DATE AND TIME OF LATEST TRANSACTION
- control field: 20250805155051.0
008 - FIXED-LENGTH DATA ELEMENTS
- fixed length control field: 250805|| aca||aabn | a|a d
040 ## - CATALOGING SOURCE
- Original cataloging agency: OSt
- Transcribing agency: OSt
150 ## - HEADING--TOPICAL TERM
- Topical term or geographic name entry element: Kannada Prose
670 ## - SOURCE DATA FOUND
- Source citation: Work cat.: (OSt)143073: RAVINDRANATHA TAGOORA ರವೀಂದ್ರನಾಥ ಠಾಗೂರ 234062, Vishvamanavanedege, 1944